书目信息 |
| 题名: |
标准化基础概论
|
|
| 作者: | 王征 著 | |
| 分册: | ||
| 出版信息: | 北京 技术标准出版社 1981 |
|
| 页数: | 120页 | |
| 开本: | 20cm | |
| 丛书名: | ||
| 单 册: | ||
| 中图分类: | T-65 | |
| 科图分类: | ||
| 主题词: | 工业技术--规程 , 工业技术--标准 | |
| 电子资源: | ||
| ISBN: | ||
| 000 | 00532nam0 2200193 45 | |
| 001 | 0312221749 | |
| 005 | 20060430153229.93 | |
| 010 | @dCNY0.62 | |
| 100 | @a20031222d1981 km y0chiy0120 ea | |
| 101 | @achi | |
| 200 | 1 | @a标准化基础概论@ABiao Zhun Hua Ji Chu Gai Lun@f王征著@FWang Zheng Zhu |
| 210 | @a北京@c技术标准出版社@d1981 | |
| 215 | @a120页@d20cm | |
| 606 | 0 | @a工业技术@x规程 |
| 606 | 0 | @a工业技术@x标准 |
| 690 | @aT-65@v3 | |
| 701 | 0 | @a王征@4著 |
| 801 | @aCN@bTSTCL@c20060430 | |
| 905 | @a213230@dT-65@e16@b59797@f1@b59800@f1 | |
| 标准化基础概论/王征著.-北京:技术标准出版社,1981 |
| 120页;20cm |
| ISBN :CNY0.62 |
| ● |
| 相关链接 |
|
|
|
|
正题名:标准化基础概论
索取号:T-65/16
 
预约/预借
| 序号 | 登录号 | 条形码 | 馆藏地/架位号 | 状态 | 备注 |
| 1 | 0059797 | 000882682 | 第二样本阅览室/ [索取号:T-65/16] | 在馆 | |
| 2 | 0059798 | 202307324 | 密集书库/ [索取号:T-65/16] | 在馆 | |
| 3 | 0059799 | 202307299 | 密集书库/ [索取号:T-65/16] | 在馆 | |
| 4 | 0059800 | 000882664 | 第三借阅区/ [索取号:T-65/16] | 在馆 | |
| 5 | 0059801 | 202307333 | 密集书库/ [索取号:T-65/16] | 在馆 |